Online
Catalog

Los complejos de inferioridad de la mujer : (Record no. 20309)

MARC details
000 -CABECERA
campo de control de longitud fija 00720nam a2200205 a 4500
001 - NÚMERO DE CONTROL
campo de control 000020805
005 - FECHA Y HORA DE LA ÚLTIMA TRANSACCIÓN
campo de control 20200930011153.0
008 - DATOS DE LONGITUD FIJA--INFORMACIÓN GENERAL
campo de control de longitud fija 100817s1949 sp 000 0 spa d
040 ## - FUENTE DE LA CATALOGACIÓN
Centro catalogador/agencia de origen DO-SdBNP
Lengua de catalogación spa
Centro/agencia transcriptor BPJMB
082 ## - NÚMERO DE LA CLASIFICACIÓN DECIMAL DEWEY
Número de clasificación 154.24
Número de documento/Ítem B796c
100 1# - ENTRADA PRINCIPAL--NOMBRE DE PERSONA
Nombre de persona Brachfeld, Oliver.
9 (RLIN) 43608
245 14 - MENCIÓN DE TÍTULO
Título Los complejos de inferioridad de la mujer :
Resto del título introducción a la psicología femenina.
260 ## - PUBLICACIÓN, DISTRIBUCIÓN, ETC.
Lugar de publicación, distribución, etc. Barcelona:.
300 ## - DESCRIPCIÓN FÍSICA
Extensión 254 p. ;
Dimensiones 22 cm.
490 1# - MENCIÓN DE SERIE
Mención de serie Acción y pensamiento;
Designación de volumen o secuencia 32
Mención de serie Condal.
504 ## - NOTA DE BIBLIOGRAFÍA, ETC.
Nota de bibliografía, etc. Incluye referencias bibliográficas y notas al pie de las páginas.
650 #4 - PUNTO DE ACCESO ADICIONAL DE MATERIA--TÉRMINO DE MATERIA
Término de materia o nombre geográfico como elemento de entrada Complejo de inferioridad
9 (RLIN) 43609
650 #4 - PUNTO DE ACCESO ADICIONAL DE MATERIA--TÉRMINO DE MATERIA
Término de materia o nombre geográfico como elemento de entrada Psicología de la mujer
9 (RLIN) 43610
830 #0 - PUNTO DE ACCESO ADICIONAL DE SERIE-TÍTULO UNIFORME
Título uniforme Acción y pensamiento
Designación de volumen o secuencia 32.
Nombre de parte o sección de la obra Condal
9 (RLIN) 43611

No items available.

Powered by Koha